Charlie and the chocolate factory / (Record no. 6339)

MARC details
000 -LEADER
fixed length control field 03699cam a2200721 i 4500
001 - CONTROL NUMBER
control field 6339
003 - CONTROL NUMBER IDENTIFIER
control field FISKH
005 - DATE AND TIME OF LATEST TRANSACTION
control field 20250508111735.0
008 - FIXED-LENGTH DATA ELEMENTS--GENERAL INFORMATION
fixed length control field 190509r20161998nyua j 000 1 eng d
010 ## - LIBRARY OF CONGRESS CONTROL NUMBER
LC control number 2019296876
020 ## - INTERNATIONAL STANDARD BOOK NUMBER
International Standard Book Number 9780425287668 (hardback)
020 ## - INTERNATIONAL STANDARD BOOK NUMBER
International Standard Book Number 0425287661 (hardback)
020 ## - INTERNATIONAL STANDARD BOOK NUMBER
International Standard Book Number 9780142410318
020 ## - INTERNATIONAL STANDARD BOOK NUMBER
International Standard Book Number 0394910117
020 ## - INTERNATIONAL STANDARD BOOK NUMBER
International Standard Book Number 9780394910116
020 ## - INTERNATIONAL STANDARD BOOK NUMBER
International Standard Book Number 9780142410318
020 ## - INTERNATIONAL STANDARD BOOK NUMBER
International Standard Book Number 0142410314
040 ## - CATALOGING SOURCE
Original cataloging agency YDXCP
Language of cataloging eng
Transcribing agency YDXCP
Description conventions rda
Modifying agency DLC
050 ## - LIBRARY OF CONGRESS CALL NUMBER
Classification number PZ7.D1515 C
082 ## - DEWEY DECIMAL CLASSIFICATION NUMBER
Classification number 823.914
100 1# - MAIN ENTRY--PERSONAL NAME
Personal name Dahl, Roald,
Relator term author.
245 10 - TITLE STATEMENT
Title Charlie and the chocolate factory /
Statement of responsibility, etc. Roald Dahl ; illustrated by Quentin Blake.
250 ## - EDITION STATEMENT
Edition statement This edition published in 2013
260 ## - PUBLICATION, DISTRIBUTION, ETC.
Place of publication, distribution, etc. New York :
Name of publisher, distributor, etc. Puffin Book,
Date of publication, distribution, etc. 1964
300 ## - PHYSICAL DESCRIPTION
Extent 155 pages :
Other physical details illustrations ;
Dimensions 20 cm
336 ## - CONTENT TYPE
Content type term text
Content type code txt
Source rdacontent
337 ## - MEDIA TYPE
Media type term unmediated
Media type code n
Source rdamedia
338 ## - CARRIER TYPE
Carrier type term volume
Carrier type code nc
Source rdacarrier
500 ## - GENERAL NOTE
General note Includes excerpt from "Matilda" (15 pages).
500 ## - GENERAL NOTE
General note "First published in the United States of America by Alfred A. Knopf, Inc., 1964"--Title page verso.
500 ## - GENERAL NOTE
General note "Publisher: Puffin Books; Reissue edition (September 6, 2016)"--Amazon.com.
505 0# - FORMATTED CONTENTS NOTE
Formatted contents note Here comes Charlie -- Mr. Willy Wonka's factory -- Mr. Wonka and the Indian prince -- The secret workers -- The golden tickets -- The first two finders -- Charlie's birthday -- Two more golden tickets found -- Grandpa Joe takes a gamble -- The family begins to starve -- The miracle -- What it said on the golden ticket -- The big day arrives -- Mr. Willy Wonka -- The chocolate room -- The oompa-loompas -- Augustus Gloop goes up the pipe -- Down the chocolate river -- The inventing room -- everlasting gobstoppers and hair toffee -- The great gum machine -- Good-by Violet -- Along the corridor -- Square candies that look round -- Veruca in the nut room -- The great glass elevator -- The television chocolate room -- Mike Teavee is sent by television -- Only Charlie left -- The other children go home -- Charlie's chocolate factory.
520 ## - SUMMARY, ETC.
Summary, etc. Each of five children lucky enough to discover an entry ticket into Mr. Willy Wonka's mysterious chocolate factory takes advantage of the situation in his own way.
650 #0 - SUBJECT ADDED ENTRY--TOPICAL TERM
Topical term or geographic name entry element Wonka, Willy (Fictitious character)
Form subdivision Fiction.
650 #0 - SUBJECT ADDED ENTRY--TOPICAL TERM
Topical term or geographic name entry element Chocolate
Form subdivision Juvenile fiction.
650 #0 - SUBJECT ADDED ENTRY--TOPICAL TERM
Topical term or geographic name entry element Wishes
Form subdivision Juvenile fiction.
650 #0 - SUBJECT ADDED ENTRY--TOPICAL TERM
Topical term or geographic name entry element Children
General subdivision Conduct of life
Form subdivision Juvenile fiction.
650 #1 - SUBJECT ADDED ENTRY--TOPICAL TERM
Topical term or geographic name entry element Behavior
Form subdivision Fiction.
650 #1 - SUBJECT ADDED ENTRY--TOPICAL TERM
Topical term or geographic name entry element Chocolate
Form subdivision Fiction.
650 #4 - SUBJECT ADDED ENTRY--TOPICAL TERM
Topical term or geographic name entry element Chocolate
Form subdivision Juvenile fiction.
650 #7 - SUBJECT ADDED ENTRY--TOPICAL TERM
Topical term or geographic name entry element JUVENILE FICTION
General subdivision Classics.
Source of heading or term bisacsh
650 #7 - SUBJECT ADDED ENTRY--TOPICAL TERM
Topical term or geographic name entry element JUVENILE FICTION
General subdivision Action & Adventure
-- General.
Source of heading or term bisacsh
650 #7 - SUBJECT ADDED ENTRY--TOPICAL TERM
Topical term or geographic name entry element JUVENILE FICTION
General subdivision Humorous Stories.
Source of heading or term bisacsh
650 #7 - SUBJECT ADDED ENTRY--TOPICAL TERM
Topical term or geographic name entry element Children
General subdivision Conduct of life.
Source of heading or term fast
Authority record control number or standard number (OCoLC)fst00854871
650 #7 - SUBJECT ADDED ENTRY--TOPICAL TERM
Topical term or geographic name entry element Chocolate.
Source of heading or term fast
Authority record control number or standard number (OCoLC)fst00858278
650 #7 - SUBJECT ADDED ENTRY--TOPICAL TERM
Topical term or geographic name entry element Wishes.
Source of heading or term fast
Authority record control number or standard number (OCoLC)fst01176272
650 #7 - SUBJECT ADDED ENTRY--TOPICAL TERM
Topical term or geographic name entry element Wonka, Willy (Fictitious character)
Source of heading or term fast
Authority record control number or standard number (OCoLC)fst01179187
650 #7 - SUBJECT ADDED ENTRY--TOPICAL TERM
Topical term or geographic name entry element Wonka, Willy (Fictional character)
Form subdivision Fiction.
Source of heading or term sears
650 #7 - SUBJECT ADDED ENTRY--TOPICAL TERM
Topical term or geographic name entry element Bucket, Charlie (Fictional character)
Form subdivision Fiction.
Source of heading or term sears
650 #7 - SUBJECT ADDED ENTRY--TOPICAL TERM
Topical term or geographic name entry element Human behavior
Form subdivision Fiction.
Source of heading or term sears
650 #7 - SUBJECT ADDED ENTRY--TOPICAL TERM
Topical term or geographic name entry element Chocolate factories
Form subdivision Fiction.
Source of heading or term sears
655 #0 - INDEX TERM--GENRE/FORM
Genre/form data or focus term Humorous stories.
655 #4 - INDEX TERM--GENRE/FORM
Genre/form data or focus term Humorous stories.
655 #7 - INDEX TERM--GENRE/FORM
Genre/form data or focus term Humorous fiction.
Source of term fast
Authority record control number or standard number (OCoLC)fst01726649
655 #7 - INDEX TERM--GENRE/FORM
Genre/form data or focus term Fiction.
Source of term fast
Authority record control number or standard number (OCoLC)fst01423787
655 #7 - INDEX TERM--GENRE/FORM
Genre/form data or focus term Juvenile works.
Source of term fast
Authority record control number or standard number (OCoLC)fst01411637
655 #7 - INDEX TERM--GENRE/FORM
Genre/form data or focus term Humorous fiction.fiction.
Source of term gsafd
655 #7 - INDEX TERM--GENRE/FORM
Genre/form data or focus term Humorous fiction.
Source of term lcgft
700 1# - ADDED ENTRY--PERSONAL NAME
Personal name Blake, Quentin,
Relator term illustrator.
906 ## - LOCAL DATA ELEMENT F, LDF (RLIN)
a 7
b cbc
c copycat
d 2
e ncip
f 20
g y-gencatlg
942 ## - ADDED ENTRY ELEMENTS (KOHA)
Source of classification or shelving scheme Dewey Decimal Classification
Koha item type Books
Suppress in OPAC No
Holdings
Withdrawn status Lost status Source of classification or shelving scheme Damaged status Not for loan Collection Home library Current library Shelving location Date acquired Total Checkouts Full call number Barcode Date last seen Date last checked out Price effective from Koha item type Copy number
    Dewey Decimal Classification     Fiction Footprints International School Library Network Toul Kork Campus Footprints International School Library Network Toul Kork Campus A TK Campus, 4th Floor, Room B401, Fiction Bookcases (1-6) 04/23/2025 1 DAH 823.914 PZ7.D1515 C FISTK00026 11/10/2025 10/31/2025 04/23/2025 Books  
    Dewey Decimal Classification     Fiction Footprints International School Library Network Toul Tom Poung Campus Footprints International School Library Network Toul Kork Campus TTP Secondary Fiction Bookshelves 05/08/2025 2 DAH 823.914 PZ7.D1515 C 2025-1220 11/19/2025 10/22/2025 05/08/2025 Books 2